Statistics for NBA Players According To Teams Played #1

Click here to take the quiz!

General Stats

  • This quiz has been taken 4,043 times
  • The average score is 5 of 12

Answer Stats

HintAnswer% Correct
Magic, Lakers, Heat, Suns, Cavaliers, CelticsShaquille Oneal
97%
Bucks, SuperSonics, Celtics, HeatRay Allen
75%
76ers, Suns, RocketsCharles Barkley
57%
Royals, BucksOscar Robertson
54%
Raptors, Nets, Magic, Suns, MavericksVince Carter
47%
Pistons, Magic, Suns, ClippersGrant Hill
33%
Celtics, Raptors, Nuggets, Timberwolves, Pistons, Nuggets, Knicks, ClippersChauncey Billups
31%
Warriors, Wizards, Kings, 76ers, Pistons, WarriorsChris Webber
23%
Blazers, Knicks, Clippers, GrizzliesZach Randolph
15%
Bullets, Warriors, 76ers, HeatManute Bol
7%
Warriors, Celtics, Hornets, BullsRobert Parish
7%
Kings, Spurs, Magic, Raptors, Suns, MagicHedo Turkoglu
6%

Score Distribution

Percentile by Number Answered

Percent of People with Each Score

Your Score History

You have not taken this quiz